| 000 | 01851nam0a2200361 i 4500 | ||
|---|---|---|---|
| 001 | RU\NLR\BIBL_A\010426276 | ||
| 005 | 20260409063815.0 | ||
| 010 |
_a9785392135318 _93000 |
||
| 021 |
_aRU _b2014-37647 _92292 |
||
| 035 | _a(NILC)RuMoRGB-007496657 | ||
| 035 | _a(NLR Aleph) 010426276 | ||
| 090 |
_a9834372 _c9834372 |
||
| 100 | _a20140718d2014 k y0rusy50 ca | ||
| 101 | 0 | _arus | |
| 102 | _aRU | ||
| 105 | _ay|||n|||000yy | ||
| 200 | 1 |
_aКомментарий к Трудовому кодексу Российской Федерации _eс учетом Федеральных законов № 204-ФЗ, 317-ФЗ, 421-ФЗ _f[Э. Н. Бондаренко и др.] _gпод ред. засл. деят. науки РФ, д.ю.н., проф., акад. РАСН К. Н. Гусова, д.ю.н., проф. Э. Г. Тучковой |
|
| 205 | _a9-е изд., перераб. и доп. | ||
| 210 |
_aМосква _cПроспект _d2014 |
||
| 215 |
_a1008 с. _d22 |
||
| 225 | 1 | _aКодекс | |
| 604 |
_171001$aРоссийская Федерация _1500##$aТрудовой кодекс$jКомментарии$2nlr_sh2$3RU\NLR\AUTH\661351562 _3RU\NLR\AUTH\661351562 _aРоссийская Федерация _tТрудовой кодекс _jКомментарии _92253510 |
||
| 675 | _a349.2 | ||
| 686 | 1 | _aХ627-324.9(2Р) | |
| 702 | 1 |
_aБондаренко _bЭ. Н. _gЭльвира Николаевна _4220 |
|
| 702 | 1 |
_4340 _7ca _8rus _aГусов _bК. Н. _gКантемир Николаевич _9111873 _3RU\NLR\AUTH\771855 |
|
| 741 | 1 |
_aРоссийская Федерация _iТрудовой кодекс _tЗаконы _9425369 _3RU\NLR\AUTH\880379489 |
|
| 801 | 0 |
_aRU _bRuMoRKP _c20100830 _gRCR |
|
| 801 | 2 |
_aRU _bРГБ _c20140523 _grcr |
|
| 942 | _cBOOK | ||
| 980 | _aNBR | ||